Atlantic City International Airport Destinations (Atlantic City, USA) - Statistics

General Stats
  • This quiz has been taken 78 times
    42 since last reset
  • The average score is 5 of 7
Answer Stats
Airline Destination % Correct
Spirit Airlines Miami
90%
Spirit Airlines Orlando
90%
Spirit Airlines Tampa
87%
Spirit Airlines Fort Lauderdale
77%
Spirit Airlines Fort Myers
71%
Spirit Airlines West Palm Beach
52%
Spirit Airlines Myrtle Beach
39%
No matching quizzes found
Score Distribution
Percent of People with Each Score
Percentile by Number Answered
Your Score History
You have not taken this quiz since the last reset